00688nam a2200205Ia 450000500170000000800410001702000290005804000190008704100120010608200160011824501010013426000550023530000160029050400500030663000300035665000340038665100320042070000200045285000100047220220706101252.0140110s9999 xx 000 0 und d a9788178299006cRs.695.00 aLoreto College aEnglish a305.42bMEH aDisplaced by developmentbConfronting marginalisation and gender injusticecEdited by Lyla Mehta aNew DelhibSage Publications India Pvt. Ltd.c2009 axliii,309p  aIncludes bibliographical references and index aMarginality, Social-India awomen-India-Social conditions aEconomic developments-India aMehta, Lyla, ed aLCLIB